000 00332nam a22001337a 4500
999 _c57870
_d57867
022 _a978-8121905534
082 _a153.93AGG
100 _aAggarwal
245 _aA Modern Approach to Non Verbal Reasoning
260 _aNew Delhi
_bS.Chand and company
_c2016
300 _a592
650 _aQuestion-answering systems
942 _cBK